| 000 | 00423nam a22001457a 4500 | ||
|---|---|---|---|
| 003 | OSt | ||
| 008 | 250212b |||||||| |||| 00| 0 eng d | ||
| 020 | _a9789348140661 | ||
| 100 | _aDHULL, Sunil | ||
| 245 | _aFoundations and Advances of In Mechanical Engineering : A Comprehensive Guide | ||
| 260 |
_aNew Delhi: _bNaples Indian Publication: _c2024. |
||
| 300 | _a245p. | ||
| 650 | _aFaculty Publication | ||
| 942 |
_2ddc _cBK |
||
| 999 |
_c13129 _d13129 |
||